00758 2200217 4500001002100000005001500021035002000036007000300056008004100059020002000100082001400120084002000134100003700154245023900191250001300430260003200443300002500475650002000500990001000520990001000530INLIS00000000000037620170926113741 a0010-0917000362ta170926 f i ind  a978-971254-02-1 a297.122.6 a297.122.6 ABD t0 aAbdurrahman bin Nashir As Sa'adi1 aTafsir Al Qur'an Jilid 6 :bSurat : Fatir, Yasin, Ash Shaffat, Shad, Az Sumar, Ghafir, Fushshilat, Asy Syura, Az Zukhruf, Ad Dukhan, Al Jatsiyah, Al Ahqaf, Muh,ammad, Al Fath, Al Hujarat, Qaf /cSyaikh Abdurrahman bin Nashir As Sa'adi aCet VIII aJakarta :bDarul Haq,c2016 a638hlm ;c15 x 24 cm aTafsir Al Quran a4871a a4871b